书目信息 |
| 题名: |
青藏高原地层
|
|
| 作者: | 赵政璋 主编 | |
| 分册: | ||
| 出版信息: | 北京 科学出版社 2001 |
|
| 页数: | 542页,[50]页图版 | |
| 开本: | 26cm | |
| 丛书名: | 青藏高原石油地质学丛书 | |
| 单 册: | ||
| 中图分类: | P535.27 | |
| 科图分类: | ||
| 主题词: | 地史学 , 地层--青藏高原 , 地质学史 | |
| 电子资源: | ||
| ISBN: | 7-03-008740-2 | |
| 000 | 00707nam0 2200241 45 | |
| 001 | 0304081609 | |
| 005 | 20031219104108.9 | |
| 010 | @a7-03-008740-2@b精装@dCNY100.00 | |
| 100 | @a20030408d2001 km y0chiy0120 ea | |
| 101 | 0 | @achi |
| 105 | @a z 000yy | |
| 200 | 1 | @a青藏高原地层@AQing Cang Gao Yuan Di Ceng@f赵政璋等主编@FZhao Zheng Zhang Deng Zhu Bian |
| 210 | @a北京@c科学出版社@d2001 | |
| 215 | @a542页,[50]页图版@d26cm | |
| 225 | @a青藏高原石油地质学丛书 | |
| 410 | @12001 @a青藏高原石油地质学丛书 | |
| 606 | 0 | @a地史学 |
| 606 | 0 | @a地层@y青藏高原 |
| 606 | 0 | @a地质学史 |
| 690 | @aP535.27@v4 | |
| 701 | 0 | @a赵政璋@4主编 |
| 801 | @aCN@bTSTC@c20030408 | |
| 905 | @b322395-396@dP535.27@e72@f2 | |
| 青藏高原地层/赵政璋等主编.-北京:科学出版社,2001 |
| 542页,[50]页图版;26cm.-(青藏高原石油地质学丛书) |
| ISBN 7-03-008740-2(精装):CNY100.00 |
| ● |
| 相关链接 |
|
|
|
|
正题名:青藏高原地层
索取号:P535.27/72
 
预约/预借
| 序号 | 登录号 | 条形码 | 馆藏地/架位号 | 状态 | 备注 |
| 1 | 0322395 | 203223957 | 第三借阅区/ [索取号:P535.27/72] | 在馆 | |
| 2 | 0322396 | 203223966 | 第二样本阅览室/ [索取号:P535.27/72] | 在馆 |